书目信息 |
| 书名: | SEARS AND ZEMANSKY'S UNIVERSITY PHYSICS | |
| 作者: | YOUNG & FREEDMAN. | |
| 分册号: | ||
| 分册名: | 出版地: | Reading, Mass : |
|
| 出版社: | Addison Wesley Longman,INC | |
| 出版时间: | 2000. | |
| 页数: | 698 p. ; | |
| 开本: | 26cm. | |
| 丛书名: | ||
| 中图分类号: | ||
| 科图分类号: | ||
| 其他分类号: | O4-44 | |
| 主题词: | ||
| 电子资源: | ||
| 000 | 00493nam 2200169 a 4500 | |
| 001 | E0754733514 | |
| 005 | 20070314152025.20 | |
| 008 | 070314s2000 00010 eng | |
| 020 | @a0-201-60329-2. | |
| 040 | @aPFT@beng | |
| 090 | @aO4-44 | |
| 099 | @dO4-44@ex30:1=10 | |
| 245 | 1 | @aSEARS AND ZEMANSKY'S UNIVERSITY PHYSICS.@nVOLUME ONE / @cYOUNG & FREEDMAN. |
| 250 | @a10th ed. | |
| 260 | @aReading, Mass :@bAddison Wesley Longman,INC.,@c2000. | |
| 300 | @a698 p. ;@c26cm. | |
| 700 | @aYOUNG & FREEDMAN | |
| SEARS AND ZEMANSKY'S UNIVERSITY PHYSICS.. VOLUME ONE / / YOUNG & FREEDMAN.-10th ed.-Reading, Mass : : Addison Wesley Longman,INC., , 2000. |
| 698 p. ; ; 26cm. |
| ISBN 0-201-60329-2. |
| ● |
| 相关链接 |
|
|
|
|
正题名:SEARS AND ZEMANSKY'S UNIVERSITY PHYSICS
索取号:O4/x50:1=10
 
预约/预借
| 序号 | 登录号 | 条形码 | 馆藏地/架位号 | 状态 | 备注 |
| 1 | 0001795 | 300017951 | 第四借阅区/ [索取号:O4/x50:1=10] | 在馆 |